| 000 | 00837nam a2200205 a 4500 | ||
|---|---|---|---|
| 001 | 1001 | ||
| 003 | CO-ViMGA | ||
| 008 | 141112s2004 ck r 000 u spa d | ||
| 040 |
_aCO-ViMGA _bspa _cCO-ViMGA |
||
| 082 | 0 | 4 | _a629.254 C177 |
| 100 | 1 | _aCastro Vicente, Miguel de | |
| 245 | 1 | 0 | _aEl alternador |
| 250 | _a9a | ||
| 260 |
_aBarcelona : _bCeac, _c1989 |
||
| 300 | _a381 p : il | ||
| 505 | _aEstudio teórico del alternador 21 - - Desmontaje y montaje del alternador 43 - - El alternador y su regulación 135 - - Averias y reparaciones de los reguladores 203 - - Alternadores femsa 229 - - Alternadores Ducatti 251 - - Alternadores lucas 321 - - Alternadores Indiel 285 - - Alternadores Chrysler 329 - - Alternadores Ducellier 359 | ||
| 650 | 1 | 4 |
_aALTERNADOR _949008 |
| 650 | 1 | 4 |
_aELECTRICIDAD AUTOMOTRIZ _96206 |
| 942 |
_2ddc _cBK |
||
| 999 |
_c13225 _d13225 |
||